000 00445pab a2200181 454500
008 180718b2005 xxu||||| |||| 00| 0 eng d
100 _aWildstein, Bronislaw
245 _aWill the west survive?
260 _c2005
300 _ap.671-82.
362 _aFeb
650 _aNATO
650 _aEuropean union
650 _aUnited Nations
650 _aInternational organizations
773 _aAmerican Behavioral Scientist
909 _a64017
999 _c64017
_d64017